Η συγκέντρωση του κεφαλαίου και της παραγωγή στην εποχή μας
Αποθηκεύτηκε σε:
| Κύριος συγγραφέας: | |
|---|---|
| Μορφή: | Βιβλίο |
| Γλώσσα: | Greek |
| Δημοσίευση: |
Αθήνα :
Οδυσσέας,
1978
|
| Θέματα: | |
| Ετικέτες: |
Προσθήκη ετικέτας
Δεν υπάρχουν, Καταχωρήστε ετικέτα πρώτοι!
|
MARC
| LEADER | 00000nam a2200000 i 4500 | ||
|---|---|---|---|
| 001 | 1/62987 | ||
| 008 | 960605s1978 gre d | ||
| 035 | |l 10029174 | ||
| 040 | |a GR-MY-UA |b gre |e aacr | ||
| 041 | 0 | |a gre | |
| 082 | 0 | |a 330.122 | |
| 100 | 1 | |a Δρουκόπουλος, Βασίλης. | |
| 245 | 1 | 2 | |a Η συγκέντρωση του κεφαλαίου και της παραγωγή στην εποχή μας / |c Βασίλης Δρουκόπουλος |
| 260 | |a Αθήνα : |b Οδυσσέας, |c 1978 | ||
| 300 | |a 86 σ. | ||
| 500 | |a Περιλαμβάνει ευρετήριο και βιβλιογραφία | ||
| 650 | 0 | 0 | |a Monopolies. |
| 650 | 0 | 0 | |a Capitalism. |
| 852 | |a INST |b CHIOS |e 19960605 |h 330.122 ΔΡΟ |p 005200002627 |q 005200002627 |t BK |y 0 | ||
| 909 | |a Χ |b 016019 | ||